| 000 | 00513pam a2200193 a 4500 | ||
|---|---|---|---|
| 020 |
_a9789380206028 _c250.00 |
||
| 041 |
_aeng _hNULL |
||
| 082 |
_a616.025 _bKAN |
||
| 100 | _aKANTHARIA, A . | ||
| 245 |
_aP. J. MEHTA`S EMERGENCIES IN MEDICAL PRACTICE / _cNULL. _hTextual Documents |
||
| 250 |
_a5 / _b. |
||
| 260 |
_aNULL : _bTHE NATIONAL BOOK , _c2009. |
||
| 300 |
_a247 : _bXIV ; _cA4 . |
||
| 365 |
_a250.00 _e1 |
||
| 907 | _a8266 | ||
| 930 | _a3765 | ||
| 999 |
_c798299 _d798299 |
||
| 650 | _aGEN.MEDICINE | ||